000 01259nam a22002777a 4500
001 6380
003 FISKH
005 20250425131832.0
008 250425b cb ||||| |||| 00| 0 eng d
020 _a9781742205755
040 _aFISKH
_beng
_cFISKH
_dFISKH
050 _aDS527.3
082 _a915.910453
100 _aRichmond, Simon
245 _aMyanmar ( Burma ) /
_cThis edition written and researched by Simon Richmond, Austin Bush , David Eimer, Mark Elliott and Nick Ray
250 _aFirst published , December 1979
260 _aFort Mill :
_bLonely Planet ,
_c2014.
300 _a422 pages :
_bcolor illustrations, maps ;
_c20 cm .
490 _aLonely Planet
520 _aLonely Planet Myanmar (Burma) is your passport to the most relevant, up-to-date advice on what to see and skip, and what hidden discoveries await you. Be dazzled by Buddhist architecture in Yangon, explore Bagan's amazing plain of ancient temples, or hike to the floating gardens and markets of Inle Lake; all with your trusted travel companion. Get to the heart of Myanmar and begin your journey now!
650 _aLonely Planet
_vNon-fiction
650 _aMyanmar
_vNon-fiction
700 _aNick, Ray
_eIllustrator
942 _2ddc
_cBK
_n0
999 _c6380
_d6380